| 000 | 006360000a22001690004500 | ||
|---|---|---|---|
| 003 | LK-CoMWRAF | ||
| 008 | 230817t ||||| |||| 00| 0 eng d | ||
| 040 |
_aLK-CoMWRAF _dLK-CoMWRAF _eLK-CoMWRAF |
||
| 041 | _aeng | ||
| 100 | _aEffendi, Mohamed Sameer Bin Haji Ismail | ||
| 245 |
_aNam Munnor (Personages of the past) _b(Sri Lankavin Kadantha Kaala Sonagar, Malayar, Mattrum Muslimgal) (Moors, Malays and other Muslims of the past of Sri Lanka) |
||
| 260 |
_bYonaka Islamiya Kalasara Nilaiyam (Moors Islamic Cultural Home) _aSri Lanka _c1979 |
||
| 300 | _ap.172 | ||
| 650 | _aTamil Text | ||
| 700 |
_aZahir,, M.C.M. _eed. |
||
| 942 | _cBK | ||
| 999 |
_c2316 _d2316 |
||